000 00360nam a2200169Ia 4500
008 191121s9999||||xx |||||||||||||| ||und||
020 _a9789280115192
040 _aIMU-MPC
082 _aColumn-5
100 _aIMO
245 0 _aResolutions and other decisions
260 _aLondon
260 _bIMO
260 _c2010
300 _avi, 353
942 _cBK
999 _c2158
_d2158